| 000 | 00702nam a2200229 i 4500 | ||
|---|---|---|---|
| 001 | 73050 | ||
| 003 | ES-MaACL | ||
| 005 | 20230906171643.0 | ||
| 007 | t| | ||
| 008 | 040906s1983 fr ||||1| fre d | ||
| 020 | _a2-7116-0311-3 | ||
| 100 | 1 |
_aGoldschmidt, Victor. _957680 |
|
| 245 | 1 | 0 |
_aAnthropologie et politique _b: les pincipes du système de Rousseau / _cpar Victor Goldschmidt. |
| 250 | _a2eme ed. | ||
| 260 |
_aParís : _bJ. Vrin, _c1983. |
||
| 300 |
_a803 p. ; _c22 cm. |
||
| 490 | 1 | _aBibliothèque d'histoire de la philosophie | |
| 500 | _aIndices. | ||
| 830 | 0 |
_aBibliothèque d'histoire de la philosophie _9177275 |
|
| 852 |
_aES-MaACL _jL-11542 _bR.113414 |
||
| 999 |
_c73050 _d73050 |
||